000 00875nam a22002537a 4500
005 20170123162332.0
010 _aB-058161
020 _c150.00
035 _aB-058161
037 _bCen Lib/Ret
040 _aDPL
_bUR
082 _a841
_bا ن ص
100 _aانصاری، عزیز
_9399
245 _aبولے میری غزل /
_cعزیز انصاری
246 _aBole meri ghazal /
_bby Aziz Ansari
260 _aنیی دہلی
_bانصاری پبلیکیشنز اینڈ پروڈکشن
_c2000
270 _bنیی دہلی
_e110025
_aفلیٹ نمبر، 7 گلشن آزادی ابل فضل انکلیو
300 _a144p.
_c21cm(Hb)
650 _aادب - اردو
_9122334
650 _a اردو شاعری
_9122335
650 _aLiterature -- Urdu
_9122336
650 _aUrdu poetry
_9122337
942 _2ddc
_cUR
_h841
_mم ح م
999 _c107875
_d107875